Catálogo público

Características del queso adobera de los altos de Jalisco (Record no. 217766)

MARC details
000 -CABECERA
campo de control de longitud fija 02098ngc a2200385 a 4500
003 - IDENTIFICADOR DEL NÚMERO DE CONTROL
campo de control CHAP
005 - FECHA Y HORA DE LA ÚLTIMA TRANSACCIÓN
campo de control 20260306062805.0
007 - CAMPO FIJO DE DESCRIPCIÓN FÍSICA--INFORMACIÓN GENERAL
campo de control de longitud fija vz czazzs
008 - DATOS DE LONGITUD FIJA--INFORMACIÓN GENERAL
campo de control de longitud fija 221013s2015 mx 200|f |||| s0| vlspa d
040 ## - FUENTE DE LA CATALOGACIÓN
Centro catalogador/agencia de origen mxchpua
Centro/agencia transcriptor CHAP
090 ## - LOCALMENTE ASIGNADO TIPO-LC NÚMERO DE CLASIFICACIÓN (OCLC); NÚMERO DE CLASIFICACIÓN LOCAL (RLIN)
Número de clasificación (OCLC) (R) ; Numero de clasificación, CALL (RLIN) (NR) Vídeo
100 1# - ENTRADA PRINCIPAL--NOMBRE DE PERSONA
9 (RLIN) 147701
Nombre de persona Santos Moreno, Armando
Fechas asociadas al nombre 1949
Término indicativo de función/relación director
245 10 - MENCIÓN DE TÍTULO
Título Características del queso adobera de los altos de Jalisco
Medio [Videograbación] /
Mención de responsabilidad, etc. director Armando Santos Moreno
250 ## - MENCIÓN DE EDICIÓN
Mención de edición 1a edición
260 ## - PUBLICACIÓN, DISTRIBUCIÓN, ETC.
Lugar de publicación, distribución, etc. Chapingo, México :
Nombre del editor, distribuidor, etc. El autor,
Fecha de publicación, distribución, etc. 2015
306 ## - TIEMPO DE REPRODUCCIÓN/DURACIÓN
Tiempo de reproducción/duración 002001
490 1# - MENCIÓN DE SERIE
Mención de serie Vídeos sobre Quesos genuinos ;
Designación de volumen o secuencia 7
500 ## - NOTA GENERAL
Nota general Duración: 20:01 minutos<br/>Asignatura: Sistemas agroindustriales<br/>Equipo y camarógrafos: Elizabeth Cortéz Sanchéz...y otros.
505 00 - NOTA DE CONTENIDO CON FORMATO
Título Introducción
Información miscelánea (00:05) --
Título Ordeña
Información miscelánea (01:24) --
Título Colecta
Información miscelánea (05:34) --
Título Recepción
Información miscelánea (06:50) --
Título Cuajado
Información miscelánea (08:15) --
Título Cortado
Información miscelánea (10:03) --
Título Agitado
Información miscelánea (10:51) --
Título Desuerado parcial
Información miscelánea (11:32) --
Título Bolseado
Información miscelánea (11:57) --
Título Desbolsado
Información miscelánea (12:26) --
Título Cherartización
Información miscelánea (12:39) --
Título Mezcla de cuajadas
Información miscelánea (14:34) --
Título Salado y batido
Información miscelánea (15:06) --
Título Molido
Información miscelánea (15:48) --
Título Amasado
Información miscelánea (16:05) --
Título Moldeado
Información miscelánea (16:23) --
Título Prensado
Información miscelánea (16:56) --
Título Desmoldado
Información miscelánea (17:33) --
Título Refrigeración
Información miscelánea (17:50) --
Título Envasado y etiquetado
Información miscelánea (18:06) --
Título Conservación
Información miscelánea (18:36) --
Título Créditos
Información miscelánea (19:39)
511 0# - NOTA DE PARTICIPANTES O INTÉRPRETES
Nota de participantes o intérpretes Narrador: Armando Santos Moreno
511 0# - NOTA DE PARTICIPANTES O INTÉRPRETES
Nota de participantes o intérpretes Guion: Armando Santos Moreno
521 4# - NOTA DE PÚBLICO DESTINATARIO
Nota de público destinatario Obra recomendada para estudiantes del Departamento de Ingeniería Agroindustrial
538 ## - NOTA DE DETALLES DEL SISTEMA
Nota de detalles del sistema Modo de acceso: Internet
546 ## - NOTA DE LENGUA/LENGUAJE
Nota de lengua/lenguaje Audio: En español
650 13 - PUNTO DE ACCESO ADICIONAL DE MATERIA--TÉRMINO DE MATERIA
9 (RLIN) 144437
Término de materia o nombre geográfico como elemento de entrada Queso artesanal
Subdivisión geográfica México
-- Jalisco
650 13 - PUNTO DE ACCESO ADICIONAL DE MATERIA--TÉRMINO DE MATERIA
9 (RLIN) 142991
Término de materia o nombre geográfico como elemento de entrada Fabricación de queso
650 13 - PUNTO DE ACCESO ADICIONAL DE MATERIA--TÉRMINO DE MATERIA
9 (RLIN) 152329
Término de materia o nombre geográfico como elemento de entrada Tecnología lechera
650 13 - PUNTO DE ACCESO ADICIONAL DE MATERIA--TÉRMINO DE MATERIA
9 (RLIN) 185223
Término de materia o nombre geográfico como elemento de entrada Artisan cheese
Subdivisión geográfica Mexico
-- Jalisco
650 13 - PUNTO DE ACCESO ADICIONAL DE MATERIA--TÉRMINO DE MATERIA
9 (RLIN) 146964
Término de materia o nombre geográfico como elemento de entrada Cheesemaking
650 13 - PUNTO DE ACCESO ADICIONAL DE MATERIA--TÉRMINO DE MATERIA
9 (RLIN) 161553
Término de materia o nombre geográfico como elemento de entrada Dairy technology
700 1# - PUNTO DE ACCESO ADICIONAL--NOMBRE DE PERSONA
Nombre de persona Cortéz Sánchez, Elizabeth
Término indicativo de función/relación camarógrafo
9 (RLIN) 157215
710 2# - PUNTO DE ACCESO ADICIONAL--NOMBRE DE ENTIDAD CORPORATIVA
Nombre de entidad corporativa o nombre de jurisdicción como elemento de entrada Universidad Autónoma Chapingo
Unidad subordinada Departamento de Ingeniería Agroindustrial
9 (RLIN) 143749
856 ## - LOCALIZACIÓN Y ACCESO ELECTRÓNICOS
Texto de enlace VER VÍDEO
Identificador Uniforme del Recurso <a href="http://10.13.5.2/video/Ligero_Queso_Adobera_Altos.m4v">http://10.13.5.2/video/Ligero_Queso_Adobera_Altos.m4v</a>
942 ## - ELEMENTOS DE PUNTO DE ACCESO ADICIONAL (KOHA)
Fuente del sistema de clasificación o colocación Clasificación Universidad Autónoma de Chapingo
Tipo de ítem Koha Vídeo
Holdings
Estado de retiro Estado de pérdida Fuente del sistema de clasificación o colocación Estado dañado No para préstamo Código de colección Localización permanente Ubicación/localización actual Ubicación en estantería Fecha de adquisición Fuente de adquisición Total de préstamos Código de barras Fecha visto por última vez Precio válido a partir de Tipo de ítem Koha
    Clasificación Universidad Autónoma de Chapingo     Videos Ingenieria Agroindustrial Ingenieria Agroindustrial En línea 10/11/2022 El autor   1210014920 10/11/2022 10/11/2022 Vídeo